000 00560nam a2200229Ia 4500
003 OSt
005 20220924153248.0
006 a|||||r|||| 00| 0
007 ta
008 220923b |||||||| |||| 00| 0 guj d
024 _a347448
037 _cTextual
040 _aARTS
_cARTS
_bguj
041 _2guj
_aguj
082 _aV2:51xM85,15, 156J9
100 _aKalalkar
_9228404
245 0 _aJivanlila
260 _c1959
650 _aHISTORY
942 _hV2:51xM85,15, 156J9
_cTEXL
_2CC
999 _c472930
_d472930